[Event "ICS rated blitz match"]
[Site "204.178.125.65"]
[Date "2000.12.29"]
[Round "?"]
[White "sharkmeister"]
[Black "Hossa"]
[Result "0-1"]
[WhiteElo "1921"]
[BlackElo "2523"]
[PlyCount "78"]
[EventDate "2000.??.??"]

1. e4 e5 2. Nf3 Nf6 3. Nc3 Bb4 4. Bc4 d6 5. O-O Bxc3 6. dxc3 Bg4 7. Re1 O-O 8.
h3 Be6 9. Bb3 Nbd7 10. Bg5 Nc5 11. Qe2 Qe7 12. Rad1 Bxb3 13. axb3 Ne6 14. Bxf6
Qxf6 15. Nh2 Qg6 16. Qg4 Qxg4 17. hxg4 h6 18. Nf1 Kh7 19. Ne3 Rh8 20. g3 Kg6
21. Kg2 Rhe8 22. Nf5 Ng5 23. f3 Ne6 24. Rd5 Kf6 25. Red1 Rh8 26. Rh1 a6 27. Ne3
Ke7 28. Ra5 Kd7 29. b4 Kc6 30. Nd5 Ng5 31. Rha1 Rab8 32. c4 Kd7 33. b5 c6 34.
Nc3 Ne6 35. bxc6+ bxc6 36. b3 Nd4 37. Rxa6 Nxc2 38. Ra7+ Ke6 39. Rc1 Nd4 {
sharkmeister forfeits on time} 0-1

[Event "ICS rated blitz match"]
[Site "204.178.125.65"]
[Date "2000.12.29"]
[Round "?"]
[White "Hossa"]
[Black "sharkmeister"]
[Result "1-0"]
[WhiteElo "2524"]
[BlackElo "1920"]
[PlyCount "59"]
[EventDate "2000.??.??"]

1. e4 c5 2. c3 e5 3. Nf3 Nc6 4. Bb5 Qc7 5. d3 Be7 6. Be3 d6 7. d4 cxd4 8. cxd4
exd4 9. Nxd4 Nf6 10. O-O O-O 11. Nc3 Bd7 12. Rc1 Rfc8 13. f3 a6 14. Bd3 Qd8 15.
Nxc6 bxc6 16. Qe2 a5 17. Na4 Rcb8 18. Rfd1 Ne8 19. e5 dxe5 20. Bxh7+ Kxh7 21.
Qd3+ Kg8 22. Qxd7 Bg5 23. Bxg5 Qxg5 24. Qxc6 Qe3+ 25. Kh1 Nf6 26. Re1 Qf4 27.
Rc5 e4 28. fxe4 Nxe4 29. Qxe4 Qxe4 30. Rxe4 {sharkmeister resigns} 1-0

[Event "ICS rated blitz match"]
[Site "204.178.125.65"]
[Date "2000.12.29"]
[Round "?"]
[White "sharkmeister"]
[Black "Hossa"]
[Result "0-1"]
[WhiteElo "1919"]
[BlackElo "2525"]
[PlyCount "62"]
[EventDate "2000.??.??"]

1. e4 e5 2. Nf3 Nf6 3. d4 Nxe4 4. Nxe5 d6 5. Nf3 d5 6. Bd3 Bd6 7. O-O O-O 8.
Nc3 Nxc3 9. bxc3 Re8 10. Bg5 f6 11. Bh4 Bg4 12. h3 Bh5 13. Bg3 Bxg3 14. fxg3 c5
15. dxc5 Qc8 16. Qd2 Qxc5+ 17. Nd4 Nc6 18. Kh2 Ne5 19. Bf5 Qd6 20. Rae1 Qa6 21.
a3 Re7 22. Qc1 Rae8 23. Nb3 Be2 24. Rg1 g6 25. Nd4 Bc4 26. Bg4 Qa5 27. Qb2
Nxg4+ 28. hxg4 Rxe1 29. Rxe1 Rxe1 30. Qxb7 Qxa3 31. Qc8+ Qf8 {
sharkmeister forfeits on time} 0-1

[Event "ICS rated standard match"]
[Site "204.178.125.65"]
[Date "2000.12.29"]
[Round "?"]
[White "BlackKnights"]
[Black "Hossa"]
[Result "0-1"]
[WhiteElo "1971"]
[BlackElo "2290"]
[PlyCount "44"]
[EventDate "2000.??.??"]

1. e4 e5 2. d4 exd4 3. Qxd4 Nc6 4. Qd1 Nf6 5. Nc3 Bb4 6. f3 d5 7. exd5 Nxd5 8.
Qe2+ Be6 9. Bd2 Nxc3 10. Bxc3 Bxc3+ 11. bxc3 Qf6 12. Qe3 O-O-O 13. Be2 Qg6 14.
Bb5 Qxg2 15. Bxc6 bxc6 16. Qxa7 Qxh1 17. Qa6+ Kd7 18. Rd1+ Ke7 19. Qa3+ Kf6 20.
Qb4 Qxg1+ 21. Ke2 Qxd1+ 22. Kf2 Qd2+ {BlackKnights resigns} 0-1

[Event "ICS rated blitz match"]
[Site "204.178.125.65"]
[Date "2000.12.29"]
[Round "?"]
[White "Adrian-Wills"]
[Black "Hossa"]
[Result "0-1"]
[WhiteElo "1930"]
[BlackElo "2526"]
[PlyCount "66"]
[EventDate "2000.??.??"]

1. e4 e5 2. Nf3 Nf6 3. Nxe5 Qe7 4. d4 d6 5. Nf3 Nxe4 6. Qe2 Nc6 7. Nbd2 Nf6 8.
Qxe7+ Bxe7 9. Bb5 Bf5 10. c3 a6 11. Ba4 Bd3 12. Bb3 Na5 13. Bd1 Nd5 14. Nb3 Nc4
15. Be2 Bxe2 16. Kxe2 O-O 17. Kd3 b5 18. Nbd2 Nf4+ 19. Kc2 Nb6 20. g3 Nh3 21.
Rf1 Rfe8 22. Ne4 Bd8 23. Kd3 f6 24. Be3 f5 25. Ned2 g5 26. Nb3 Nc4 27. Rab1 c6
28. Ng1 Nxg1 29. Rxg1 Ra7 30. Nc1 Nxe3 31. fxe3 Rae7 32. Re1 c5 33. Nb3 c4+ {
Adrian-Wills resigns} 0-1

[Event "ICS rated blitz match"]
[Site "204.178.125.65"]
[Date "2000.12.29"]
[Round "?"]
[White "Hossa"]
[Black "niveau"]
[Result "1-0"]
[WhiteElo "2527"]
[BlackElo "2333"]
[PlyCount "27"]
[EventDate "2000.??.??"]

1. e4 d5 2. exd5 Nf6 3. d4 Nxd5 4. c4 Nb6 5. Nc3 e6 6. Nf3 Nc6 7. Be3 Bb4 8.
Bd3 Na5 9. Ne5 Nc6 10. Nxc6 bxc6 11. O-O Ba6 12. Qg4 Qf6 13. Bg5 h5 14. Qh4 {
niveau resigns} 1-0

[Event "ICS rated blitz match"]
[Site "204.178.125.65"]
[Date "2000.12.29"]
[Round "?"]
[White "niveau"]
[Black "Hossa"]
[Result "0-1"]
[WhiteElo "2325"]
[BlackElo "2535"]
[PlyCount "60"]
[EventDate "2000.??.??"]

1. c4 Nf6 2. g3 e6 3. Bg2 d5 4. d4 dxc4 5. Nf3 Bb4+ 6. Nc3 c5 7. O-O O-O 8. e3
cxd4 9. exd4 Nc6 10. Bg5 Qa5 11. Bxf6 gxf6 12. Nd2 Bxc3 13. bxc3 Qxc3 14. Rc1
Qxd4 15. Rxc4 Qb2 16. Qh5 Qxd2 17. Rg4+ Kh8 18. Be4 f5 19. Rh4 Kg7 20. Rd1
Qxd1+ 21. Qxd1 fxe4 22. Qg4+ Kf6 23. Rxh7 e5 24. Qxe4 Bf5 25. Rh6+ Kg7 26. Qh4
f6 27. g4 Nd4 28. Qh3 Ne2+ 29. Kf1 Nf4 30. Qh4 Rac8 {niveau forfeits on time}
0-1

[Event "ICS rated blitz match"]
[Site "204.178.125.65"]
[Date "2000.12.29"]
[Round "?"]
[White "Hossa"]
[Black "niveau"]
[Result "1-0"]
[WhiteElo "2542"]
[BlackElo "2318"]
[PlyCount "83"]
[EventDate "2000.??.??"]

1. d4 Nf6 2. c4 e6 3. Nf3 d5 4. g3 Be7 5. Bg2 Nbd7 6. cxd5 exd5 7. O-O c6 8.
Bf4 O-O 9. Nc3 Re8 10. Qc2 Nf8 11. Rfe1 g6 12. Bh6 Bf5 13. Qd2 N8d7 14. Nh4 Be6
15. h3 Rc8 16. Nf3 Qa5 17. Ng5 Nf8 18. Red1 c5 19. Nxd5 Qxd2 20. Nxe7+ Rxe7 21.
Rxd2 cxd4 22. Rxd4 b5 23. Bf3 N8d7 24. Nxe6 Rxe6 25. Rad1 Ne5 26. Bb7 Rce8 27.
Rd6 Nc4 28. Rxe6 fxe6 29. b3 Na5 30. Bf3 Nd5 31. Rxd5 exd5 32. Bxd5+ Kh8 33.
Be3 h5 34. Bf7 Rc8 35. Bxg6 Rc6 36. Bxh5 Rc2 37. a4 bxa4 38. bxa4 Nc4 39. Bxa7
Ra2 40. Bf7 Rxa4 41. Bxc4 Rxc4 42. f3 {niveau forfeits on time} 1-0

[Event "ICS rated blitz match"]
[Site "204.178.125.65"]
[Date "2000.12.29"]
[Round "?"]
[White "niveau"]
[Black "Hossa"]
[Result "0-1"]
[WhiteElo "2311"]
[BlackElo "2549"]
[PlyCount "80"]
[EventDate "2000.??.??"]

1. c4 Nf6 2. g3 e6 3. Bg2 d5 4. d4 dxc4 5. Nf3 Bb4+ 6. Bd2 Bxd2+ 7. Nbxd2 Qd5
8. a4 Nc6 9. e3 e5 10. O-O e4 11. Ne5 Nxe5 12. dxe5 Qxe5 13. Nxc4 Qe7 14. Qd4
Bf5 15. Rac1 O-O 16. Na5 Bc8 17. b4 Rd8 18. Qc4 c6 19. Rfd1 Bg4 20. Rxd8+ Rxd8
21. Qc5 Qxc5 22. bxc5 Bc8 23. Nc4 Be6 24. Nd6 Kf8 25. Nxb7 Rb8 26. Nd6 Bd5 27.
h3 Rb4 28. g4 Rxa4 29. g5 Ne8 30. Rb1 Nxd6 31. cxd6 Ke8 32. Rb7 Kd8 33. Re7 c5
34. Bf1 c4 35. Kg2 Ra6 36. Rc7 Rxd6 37. Rxa7 c3 38. Ra1 c2 39. Rc1 Bb3 40. Be2
Rd1 {niveau resigns} 0-1

[Event "ICS rated blitz match"]
[Site "204.178.125.65"]
[Date "2000.12.29"]
[Round "?"]
[White "Hossa"]
[Black "niveau"]
[Result "1/2-1/2"]
[WhiteElo "2555"]
[BlackElo "2305"]
[PlyCount "141"]
[EventDate "2000.??.??"]

1. e4 d5 2. exd5 Qxd5 3. d4 c6 4. Nf3 Nf6 5. Be2 Bf5 6. O-O e6 7. Nh4 Bg6 8. c4
Qd8 9. Nxg6 hxg6 10. Bg5 Bd6 11. g3 Nbd7 12. Nc3 Qa5 13. c5 Be7 14. Qb3 Qc7 15.
Bf4 Qc8 16. h4 Nh5 17. Bd6 Bxd6 18. cxd6 Nhf6 19. Rfe1 O-O 20. Qa3 Rd8 21. Qb4
Nb6 22. a4 Nbd5 23. Nxd5 Nxd5 24. Qc5 Qd7 25. Bf3 Qxd6 26. Qxd6 Rxd6 27. Rad1
Rad8 28. Re5 Nb4 29. Ra5 a6 30. Re5 Rxd4 31. Rxd4 Rxd4 32. Re3 Nd5 33. Rb3 Nb4
34. Re3 a5 35. Kg2 Kf8 36. Re4 Rxe4 37. Bxe4 Ke7 38. f4 Nd5 39. Kf3 Kd6 40. Bb1
b5 41. axb5 cxb5 42. Bd3 Kc5 43. g4 Nf6 44. Be2 a4 45. Bd1 Kd4 46. Bc2 Kc4 47.
g5 Nd5 48. Ke4 Nb4 49. Bd1 Nd5 50. Bc2 Nb6 51. Bd3+ Kc5 52. Ke3 b4 53. Ke2 a3
54. bxa3 bxa3 55. Bb1 Kb4 56. Kd1 Nd5 57. Kc1 Nxf4 58. Ba2 Ng2 59. h5 gxh5 60.
g6 fxg6 61. Bxe6 g5 62. Kd2 Nf4 63. Bf7 h4 64. Kc2 h3 65. Be8 h2 66. Bc6 g4 67.
Kd2 g3 68. Ke3 g2 69. Kxf4 h1=Q 70. Bxg2 Qxg2 71. Ke5 {
niveau ran out of time and Hossa has no material to mate} 1/2-1/2

[Event "ICS rated blitz match"]
[Site "204.178.125.65"]
[Date "2000.12.29"]
[Round "?"]
[White "Hossa"]
[Black "PostModernist"]
[Result "0-1"]
[WhiteElo "2545"]
[BlackElo "2567"]
[PlyCount "90"]
[EventDate "2000.??.??"]

1. d4 d5 2. c4 c6 3. Nc3 e6 4. e3 Nf6 5. Nf3 Nbd7 6. Bd2 Bd6 7. c5 Bc7 8. Bd3
e5 9. dxe5 Nxc5 10. exf6 Nxd3+ 11. Ke2 Ne5 12. fxg7 Rg8 13. Nxe5 Bxe5 14. Kf1
Qg5 15. g3 Qxg7 16. Ke1 Bh3 17. Na4 O-O-O 18. Qb3 Qg4 19. Rg1 d4 20. Nc5 b6 21.
Nd3 Bc7 22. Rc1 Qf3 23. Qc4 dxe3 24. Bxe3 Bg4 25. Qc2 Qe4 26. h3 Bf3 27. Kd2
Be5 28. Qc4 Rxd3+ 29. Qxd3 Qb4+ 30. Rc3 Rd8 31. Qxd8+ Kxd8 32. Rgc1 Qxb2+ 33.
R3c2 Qb4+ 34. Rc3 Be4 35. Bg5+ f6 36. Ke2 Bxc3 37. Rd1+ Ke7 38. Bf4 Qc4+ 39.
Ke3 Bc2 40. Kf3 Qe4+ 41. Kg4 Bxd1+ 42. Kh4 Be1 43. g4 Qxf4 44. a3 Bxf2+ 45. Kh5
Qg5# {Hossa checkmated} 0-1

[Event "ICS rated blitz match"]
[Site "204.178.125.65"]
[Date "2000.12.29"]
[Round "?"]
[White "PostModernist"]
[Black "Hossa"]
[Result "1/2-1/2"]
[WhiteElo "2582"]
[BlackElo "2530"]
[PlyCount "85"]
[EventDate "2000.??.??"]

1. e4 e5 2. Bc4 Nf6 3. d3 Nc6 4. Nf3 Bc5 5. O-O O-O 6. Nc3 d6 7. Be3 Bxe3 8.
fxe3 Na5 9. Bb3 Nxb3 10. axb3 c6 11. Qe1 Qe7 12. Qg3 Ng4 13. Nh4 g6 14. h3 Nh6
15. Nf5 Nxf5 16. exf5 d5 17. fxg6 hxg6 18. e4 d4 19. Nb1 Bd7 20. h4 Kg7 21. Ra5
c5 22. h5 Rh8 23. hxg6 fxg6 24. Nd2 Rh5 25. c3 a6 26. cxd4 cxd4 27. Nc4 b5 28.
Nb6 Rah8 29. Nxd7 Qxd7 30. Rf5 Qc7 31. Rxh5 Qc1+ 32. Kf2 Qd2+ 33. Kg1 Rxh5 34.
Rxa6 Qc1+ 35. Kf2 Rg5 36. Ra7+ Kh6 37. Qh3+ Rh5 38. Qf3 Qxb2+ 39. Kg3 Rg5+ 40.
Kh4 Rh5+ 41. Kg3 Rg5+ 42. Kh4 Rh5+ 43. Kg3 {Game drawn by repetition} 1/2-1/2

[Event "ICS rated blitz match"]
[Site "204.178.125.65"]
[Date "2000.12.29"]
[Round "?"]
[White "Hossa"]
[Black "PostModernist"]
[Result "0-1"]
[WhiteElo "2532"]
[BlackElo "2580"]
[PlyCount "200"]
[EventDate "2000.??.??"]

1. e4 c5 2. Nf3 Nc6 3. d4 cxd4 4. Nxd4 Nf6 5. Nc3 e5 6. Ndb5 d6 7. Bg5 a6 8.
Na3 b5 9. Bxf6 gxf6 10. Nd5 Bg7 11. c3 f5 12. Nxb5 axb5 13. Bxb5 Bb7 14. Nb4
Rc8 15. exf5 O-O 16. Nxc6 Bxc6 17. Bxc6 Rxc6 18. O-O Rb6 19. Qc2 Qh4 20. Rfd1
Rfb8 21. Rab1 e4 22. Re1 d5 23. Red1 Rd6 24. Qe2 Qf4 25. Qe3 Qxf5 26. a4 Rg6
27. g3 Rgb6 28. Qd2 Qf3 29. b4 Qxc3 30. Qxd5 Rxb4 31. Rxb4 Qxb4 32. a5 Qa4 33.
Rc1 Qa3 34. Re1 Qd3 35. Qxe4 Qd2 36. a6 Qa5 37. Qe2 Ra8 38. Rb1 Rxa6 39. Rb8+
Bf8 40. Qe7 Qa1+ 41. Kg2 Qg7 42. Qd8 Re6 43. Rc8 Qh6 44. Rb8 Rd6 45. Qe7 Rd1
46. Qc5 Qd6 47. Qg5+ Qg6 48. Qe5 Qc6+ 49. Kh3 Qh6+ 50. Kg2 Rc1 51. h4 Qc6+ 52.
f3 Qg6 53. Rd8 Qc2+ 54. Kh3 Rh1+ 55. Kg4 h5+ 56. Kf4 Qc1+ 57. Kf5 Qa3 58. Kf4
Qb4+ 59. Kg5 Qb6 60. Re8 Qh6+ 61. Kf5 Rg1 62. Qf6 Qxf6+ 63. Kxf6 Rxg3 64. f4
Rg4 65. f5 Rxh4 66. Kg5 Rh1 67. Rb8 h4 68. Kg4 f6 69. Rb7 h3 70. Rb8 Kg7 71.
Rb7+ Kh6 72. Rf7 Bg7 73. Rd7 h2 74. Kh3 Rf1 75. Kxh2 Rxf5 76. Kg3 Rg5+ 77. Kf3
f5 78. Kf4 Bf6 79. Rf7 Kg6 80. Rf8 Be7 81. Re8 Bd6+ 82. Kf3 Kf6 83. Rd8 Rg3+
84. Kf2 Be7 85. Rc8 f4 86. Kf1 Kf5 87. Rc7 Re3 88. Rc4 Bh4 89. Kg2 f3+ 90. Kh2
f2 91. Rc5+ Ke6 92. Rc1 Re1 93. Rc6+ Kd5 94. Rg6 Bg3+ 95. Kxg3 f1=Q 96. Rg5+
Ke4 97. Rg4+ Kf5 98. Kh4 Qf2+ 99. Kh5 Rh1+ 100. Rh4 Qxh4# {Hossa checkmated}
0-1

[Event "ICS rated blitz match"]
[Site "204.178.125.65"]
[Date "2000.12.29"]
[Round "?"]
[White "PostModernist"]
[Black "Hossa"]
[Result "1/2-1/2"]
[WhiteElo "2594"]
[BlackElo "2518"]
[PlyCount "298"]
[EventDate "2000.??.??"]

1. e4 e5 2. Bc4 Nf6 3. d3 Nc6 4. Nf3 Bc5 5. c3 d6 6. O-O O-O 7. Nbd2 Be6 8. b4
Bb6 9. Bb3 a5 10. Bxe6 fxe6 11. Nc4 axb4 12. Nxb6 cxb6 13. cxb4 b5 14. Bb2 Ng4
15. Qd2 Qe7 16. Rfc1 Ra4 17. a3 Nf6 18. Qe3 Nh5 19. d4 exd4 20. Bxd4 Nf4 21.
Bc3 e5 22. Rd1 Qe6 23. h3 Qg6 24. Ne1 Na5 25. bxa5 Rxe4 26. Rxd6 Rxe3 27. Rxg6
Ne2+ 28. Kh2 Rxc3 29. Re6 Rxf2 30. Rxe5 Nd4 31. Rd1 Rf4 32. Rd5 Nc6 33. Rxb5
Rxa3 34. Rxb7 Rxa5 35. Rdd7 Rg5 36. g4 Rf1 37. Nd3 h5 38. Rb6 Rf6 39. gxh5 Rxh5
40. Nb4 Nxb4 41. Rxb4 Rfh6 42. Rb3 Rg5 43. Rd8+ Kh7 44. Rg3 Rhg6 45. Rxg5 Rxg5
46. Rd6 Kg8 47. Rd7 Rg6 48. h4 Rg4 49. Kh3 Rg1 50. Rc7 Rg6 51. Rc1 Kh7 52. Ra1
Rf6 53. Kg4 Kh6 54. Re1 Kg6 55. Rc1 Rf2 56. Rc6+ Rf6 57. Rc8 Rf1 58. Rd8 Kf7
59. Rd6 Ke7 60. Rc6 Rf2 61. h5 Kd8 62. Re6 Rf1 63. Re3 Kd7 64. Kg5 Rf6 65. Re1
Rh6 66. Re5 Rf6 67. Re4 Kd8 68. Re1 Kd7 69. Re5 Kd8 70. Re2 Kd7 71. Re3 Kd8 72.
Re4 Kd7 73. Re2 Kd8 74. Kg4 Rh6 75. Rd2+ Ke7 76. Kg5 Rf6 77. Rd1 Rf2 78. Re1+
Kf7 79. Rg1 Rf6 80. Rd1 Ke6 81. Rb1 Rf3 82. Rb6+ Kd7 83. Rb7+ Ke6 84. Rxg7 Rg3+
85. Kh6 Rh3 86. Kg6 Rg3+ 87. Kh7 Rh3 88. h6 Kf6 89. Rg6+ Kf7 90. Rg1 Kf6 91.
Rf1+ Ke7 92. Kg7 Rg3+ 93. Kh8 Ke8 94. h7 Ke7 95. Rf4 Ke8 96. Rf2 Ke7 97. Rf5
Ke8 98. Rf4 Ke7 99. Rf1 Ke6 100. Rf8 Rh3 101. Rg8 Kf6 102. Rd8 Kf7 103. Rd7+
Ke8 104. Rd2 Kf7 105. Rf2+ Ke7 106. Kg7 Rg3+ 107. Kh6 Rh3+ 108. Kg6 Rg3+ 109.
Kf5 Rh3 110. Rb2 Kf7 111. Rb7+ Kf8 112. Kg6 Rg3+ 113. Kf6 Rf3+ 114. Kg5 Rh3
115. Kf5 Rh6 116. Rc7 Rh3 117. Kg6 Rg3+ 118. Kf6 Rf3+ 119. Kg5 Rh3 120. Rd7 Rh2
121. Kg6 Rg2+ 122. Kh6 Rh2+ 123. Kg5 Rg2+ 124. Kf4 Rh2 125. Kg4 Rh1 126. Ra7
Rg1+ 127. Kh3 Rh1+ 128. Kg3 Rh5 129. Kf4 Rh4+ 130. Kf5 Rh6 131. Kg4 Rh2 132.
Rc7 Rh1 133. Rd7 Rg1+ 134. Kf5 Rf1+ 135. Kg6 Rg1+ 136. Kf6 Rf1+ 137. Kg5 Rh1
138. Kf5 Rf1+ 139. Ke4 Re1+ 140. Kf4 Rf1+ 141. Ke5 Re1+ 142. Kf4 Rf1+ 143. Kg3
Rh1 144. Rb7 Rh5 145. h8=Q+ Rxh8 146. Kg2 Kg8 147. Kg1 Kf8 148. Rb8+ Kg7 149.
Rxh8 Kxh8 {Game drawn because neither player has mating material} 1/2-1/2

[Event "ICS rated blitz match"]
[Site "204.178.125.65"]
[Date "2000.12.29"]
[Round "?"]
[White "PostModernist"]
[Black "Hossa"]
[Result "0-1"]
[WhiteElo "2586"]
[BlackElo "2521"]
[PlyCount "122"]
[EventDate "2000.??.??"]

1. d4 Nf6 2. c4 c5 3. d5 g6 4. Nc3 Bg7 5. Nf3 d6 6. e4 O-O 7. Be2 e6 8. O-O Re8
9. h3 exd5 10. exd5 Na6 11. Bg5 h6 12. Bh4 Bf5 13. Bd3 Qd7 14. Bxf6 Bxd3 15.
Bxg7 Bxf1 16. Bxh6 Bxc4 17. b3 Bb5 18. a4 Bxa4 19. Rxa4 Nb4 20. Qd2 f6 21. Qf4
Qh7 22. Ra5 Nd3 23. Qh4 g5 24. Nxg5 Re1+ 25. Kh2 fxg5 26. Qxg5+ Kf7 27. Nb5 Qg6
28. Qxg6+ Kxg6 29. Be3 Rb1 30. Ra3 Nb4 31. Nxd6 Nc2 32. Ra4 Nxe3 33. fxe3 Rxb3
34. Rg4+ Kf6 35. Re4 b5 36. Re6+ Kg7 37. Nf5+ Kf8 38. d6 a5 39. Re7 Rd3 40. Rh7
Kg8 41. Rg7+ Kh8 42. Rc7 c4 43. Nd4 Rg8 44. Rc5 Kh7 45. d7 Rd2 46. Rh5+ Kg6 47.
Rh4 Rd8 48. Nxb5 R8xd7 49. Rxc4 Re2 50. Rd4 Rxd4 51. exd4 a4 52. h4 Rd2 53. Kg1
Kh5 54. Kf1 Rd3 55. d5 a3 56. Ke2 Rb3 57. Nd4 Rb2+ 58. Kd3 a2 59. Nc2 Rxc2 60.
Kxc2 a1=Q 61. Kd3 Qf1+ {PostModernist resigns} 0-1

[Event "ICS rated blitz match"]
[Site "204.178.125.65"]
[Date "2000.12.29"]
[Round "?"]
[White "Hossa"]
[Black "PostModernist"]
[Result "1-0"]
[WhiteElo "2540"]
[BlackElo "2567"]
[PlyCount "137"]
[EventDate "2000.??.??"]

1. e4 e6 2. d4 d5 3. Nc3 dxe4 4. Nxe4 c5 5. dxc5 Qxd1+ 6. Kxd1 Nf6 7. Nxf6+
gxf6 8. Be3 Nc6 9. Nf3 Bd7 10. Kc1 Nb4 11. Bc4 O-O-O 12. c3 Nc6 13. Rd1 Be7 14.
Kc2 Na5 15. Bf1 e5 16. Bd3 Kb8 17. b3 h5 18. Nh4 Bc6 19. Kb2 Bd5 20. Nf5 Nc6
21. f3 Rhg8 22. Rd2 Be6 23. Nxe7 Nxe7 24. Rad1 h4 25. c4 f5 26. Kc3 f4 27. Bf2
Rh8 28. Be4 Rdg8 29. Bg1 Bf5 30. Bd5 Rg7 31. Re1 f6 32. h3 Nxd5+ 33. cxd5 Rhg8
34. Bf2 Rxg2 35. Bxh4 R2g6 36. Rh2 Rh6 37. Bf2 Rxh3 38. Rxh3 Bxh3 39. Bh4 Rg6
40. d6 Kc8 41. Re2 Bd7 42. Rd2 Rh6 43. Rg2 Bc6 44. Rg8+ Kd7 45. Rg7+ Ke8 46.
Be1 Rh1 47. Bd2 Rf1 48. Kc4 Rf2 49. Ba5 Rxa2 50. Re7+ Kf8 51. d7 Bxd7 52. Rxd7
Rxa5 53. Rxb7 e4 54. c6 Ra1 55. c7 Rc1+ 56. Kd5 Ke8 57. Kd6 exf3 58. Rb8+ Kf7
59. c8=Q Rxc8 60. Rxc8 Kg6 61. Rc3 Kf5 62. Rxf3 Ke4 63. Rf2 f3 64. Ra2 Ke3 65.
Rxa7 f5 66. Ke5 f2 67. Ra1 f4 68. b4 f3 69. b5 {PostModernist resigns} 1-0

[Event "ICS rated blitz match"]
[Site "204.178.125.65"]
[Date "2000.12.29"]
[Round "?"]
[White "Tinker"]
[Black "Hossa"]
[Result "0-1"]
[WhiteElo "2395"]
[BlackElo "2557"]
[PlyCount "146"]
[EventDate "2000.??.??"]

1. e4 e5 2. Nf3 Nf6 3. Nxe5 Qe7 4. d4 d6 5. Nf3 Nxe4 6. Be2 d5 7. c4 dxc4 8.
Ne5 Qb4+ 9. Kf1 Be6 10. Qc2 Nd6 11. Nc3 Be7 12. Qd2 Na6 13. d5 Bf5 14. Qf4 Nc5
15. Nxc4 Nxc4 16. Qxf5 Nd6 17. Qe5 f6 18. Qh5+ g6 19. Qh3 f5 20. a3 Qb3 21. Qe3
Nde4 22. Nb5 O-O-O 23. f3 Qxe3 24. Bxe3 Nf6 25. b4 Na4 26. Nxa7+ Kb8 27. Bd4
Rxd5 28. Bf2 c6 29. Rc1 Bd6 30. Bc4 Bf4 31. Bxd5 Bxc1 32. Bb3 Nb2 33. Bd4 Re8
34. Bxf6 Nd3 35. Bh4 Bxa3 36. Bf7 Re3 37. Bg8 h6 38. Bf7 Kxa7 39. Bf2 Nxf2 40.
Kxf2 f4 41. Rb1 g5 42. Bc4 Rc3 43. Bf1 Rc2+ 44. Be2 Bb2 45. Ke1 Bc3+ 46. Kf1
Kb6 47. g3 Be5 48. gxf4 Bxf4 49. b5 c5 50. h3 c4 51. Rb4 Kc5 52. Ra4 Kxb5 53.
Ra7 b6 54. Rh7 Be3 55. Ke1 Rc1+ 56. Bd1 c3 57. Ke2 Bc5 58. Bb3 Kb4 59. Bf7 Rc2+
60. Ke1 Bf2+ 61. Kf1 Bd4 62. Bg6 Rf2+ 63. Ke1 c2 64. Bxc2 Rxc2 65. Rxh6 Kc4 66.
Rc6+ Kd3 67. Rxc2 Kxc2 68. Kf1 b5 69. f4 gxf4 70. Kg2 f3+ 71. Kg3 f2 72. Kg4
f1=Q 73. h4 Be5 {Tinker resigns} 0-1

[Event "ICS Rated blitz match"]
[Site "204.178.125.65"]
[Date "2000.12.29"]
[Round "?"]
[White "cfd"]
[Black "Hossa"]
[Result "0-1"]
[WhiteElo "2238"]
[BlackElo "2566"]
[PlyCount "24"]
[EventDate "2000.??.??"]

1. d4 Nf6 2. e3 g6 3. Nf3 Bg7 4. b3 O-O 5. Bb2 d5 6. Nbd2 b6 7. Bd3 c5 8. Ne5
cxd4 9. exd4 Nh5 10. O-O Nf4 11. Ndf3 f6 12. Nxg6 hxg6 {cfd resigns} 0-1

[Event "ICS rated blitz match"]
[Site "204.178.125.65"]
[Date "2000.12.29"]
[Round "?"]
[White "Hossa"]
[Black "Feisty"]
[Result "1-0"]
[WhiteElo "2570"]
[BlackElo "2553"]
[PlyCount "157"]
[EventDate "2000.??.??"]

1. e4 d5 2. exd5 Qxd5 3. d4 Nc6 4. Nf3 Bg4 5. Be2 O-O-O 6. Be3 Nf6 7. O-O Qd7
8. c3 Nd5 9. Ng5 Bxe2 10. Qxe2 Qf5 11. Nf3 e6 12. b4 Bd6 13. a4 Kb8 14. Bd2
Rhe8 15. Qb5 a6 16. Qc4 Nce7 17. Ra2 Ng6 18. Bg5 f6 19. Be3 Nb6 20. Qb3 Nf4 21.
Bxf4 Bxf4 22. c4 e5 23. a5 Nc8 24. b5 axb5 25. a6 exd4 26. axb7 Kxb7 27. Na3
Na7 28. Nxb5 Nxb5 29. Ra5 Kc8 30. Rxb5 Qe4 31. Qa4 Rd6 32. c5 Rde6 33. Ra5 c6
34. Nxd4 Bb8 35. Ra8 Kd7 36. Nxe6 Qxa4 37. Rxa4 Rxe6 38. Rd1+ Kc8 39. Rh4 h6
40. Rhd4 Bc7 41. Rd7 Re1+ 42. Rxe1 Kxd7 43. g3 Be5 44. Rd1+ Kc7 45. g4 Bc3 46.
Kg2 Bb4 47. Rc1 Kd7 48. Rc4 Ba3 49. Kf3 Ke6 50. Ke4 h5 51. f3 hxg4 52. fxg4 Kf7
53. Rc2 Kg6 54. Kd4 Kg5 55. Kc4 Kxg4 56. Kb3 Bxc5 57. Rxc5 g5 58. Rxc6 f5 59.
Rg6 f4 60. Rg7 Kh5 61. Kc3 Kg4 62. Kd4 Kf5 63. Rg8 g4 64. Rf8+ Kg5 65. h4+ gxh3
66. Ke4 h2 67. Rh8 Kg4 68. Rxh2 f3 69. Rf2 Kg3 70. Rxf3+ Kg4 71. Rd3 Kg5 72.
Rd6 Kg4 73. Rg6+ Kh5 74. Rg8 Kh6 75. Kf5 Kh7 76. Rg6 Kh8 77. Kf6 Kh7 78. Kf7
Kh8 79. Rh6# {Feisty checkmated} 1-0

[Event "ICS rated blitz match"]
[Site "204.178.125.65"]
[Date "2000.12.29"]
[Round "?"]
[White "Feisty"]
[Black "Hossa"]
[Result "1-0"]
[WhiteElo "2538"]
[BlackElo "2585"]
[PlyCount "217"]
[EventDate "2000.??.??"]

1. d4 Nf6 2. Nf3 g6 3. Nc3 d5 4. e3 Bg7 5. Bd3 O-O 6. O-O Nc6 7. a3 a6 8. Ne5
Nxe5 9. dxe5 Ne4 10. Nxe4 dxe4 11. Bxe4 Qxd1 12. Rxd1 Bxe5 13. Rb1 c6 14. b3
Be6 15. f4 Bh8 16. Bd2 Bg4 17. Bf3 Bxf3 18. gxf3 Rfd8 19. Ba5 Rd5 20. Bb4 Bf6
21. e4 Rdd8 22. Kg2 e6 23. Ba5 Rxd1 24. Rxd1 Bb2 25. Rd7 Bxa3 26. Rxb7 Bc5 27.
Kg3 Bd6 28. Rd7 Ba3 29. Rc7 h5 30. Rxc6 Be7 31. h4 Kf8 32. Rc7 Ke8 33. Rb7 Bc5
34. b4 Bd4 35. c4 Bc3 36. c5 Be1+ 37. Kh3 Bc3 38. Bc7 Rc8 39. Be5 Bd2 40. Rb6
a5 41. bxa5 Bxa5 42. Bd6 Kd7 43. Rb7+ Bc7 44. e5 Kc6 45. Ra7 f5 46. Ra4 Rg8 47.
Bxc7 Kxc7 48. Kg3 Kb7 49. Rd4 Rc8 50. Rd7+ Rc7 51. Rd6 Re7 52. Kf2 Kc7 53. Ke3
Re8 54. c6 Kb6 55. Kd4 Re7 56. Kc4 Re8 57. Kd3 Kc7 58. Kd4 Kb6 59. Ke3 Kc7 60.
Kf2 Re7 61. Ke2 Re8 62. Kf1 Re7 63. Kf2 Re8 64. Ke2 Re7 65. Kd2 Re8 66. Kd3 Kb6
67. Kc3 Kc7 68. Kb3 Kb6 69. Kc2 Kc7 70. Kc3 Re7 71. Kc4 Kb6 72. Kb4 Re8 73. Kb3
Kc7 74. Ka3 Kb6 75. Kb2 Kc7 76. Kc1 Rd8 77. Rxe6 Rd3 78. Rxg6 Rxf3 79. Kd2 Rxf4
80. Rf6 Rxh4 81. Rxf5 Kxc6 82. e6 Kd6 83. Re5 Kxe5 84. e7 Kd4 85. e8=Q Rh2+ 86.
Ke1 h4 87. Qb8 Ra2 88. Qb4+ Ke5 89. Qc5+ Kf6 90. Qd6+ Kg7 91. Qe7+ Kg8 92. Qe6+
Kf8 93. Qxa2 h3 94. Qa3+ Ke8 95. Qxh3 Ke7 96. Kf2 Kd6 97. Kg3 Kc6 98. Qh8 Kd6
99. Qg8 Kc5 100. Kf3 Kd4 101. Qh8+ Kd5 102. Qb8 Kc6 103. Ke4 Kc5 104. Qc7+ Kb4
105. Kd4 Kb3 106. Kd3 Kb4 107. Qb6+ Ka4 108. Kc3 Ka3 109. Qa5# {
Hossa checkmated} 1-0

[Event "ICS rated blitz match"]
[Site "204.178.125.65"]
[Date "2000.12.29"]
[Round "?"]
[White "Hossa"]
[Black "QueenMaxima"]
[Result "1-0"]
[WhiteElo "2567"]
[BlackElo "2542"]
[PlyCount "109"]
[EventDate "2000.??.??"]

1. e4 e5 2. Nf3 d5 3. exd5 Qxd5 4. Nc3 Qc5 5. b4 Qxb4 6. Nxe5 Nd7 7. Nc4 Qe7+
8. Be2 Nc5 9. O-O Be6 10. d4 O-O-O 11. Be3 Nf6 12. Nd2 Ncd7 13. a4 Qb4 14. Nb5
Kb8 15. Bf3 Nb6 16. c3 Qe7 17. Qc2 Nbd5 18. Bg5 h6 19. Bh4 g5 20. Bg3 g4 21.
Bxd5 Nxd5 22. c4 Nb4 23. Qb2 Na6 24. d5 Rg8 25. dxe6 Bg7 26. Nc3 Qxe6 27. Rab1
Qc6 28. Qc2 Bxc3 29. Qxc3 Qxa4 30. Rb5 Kc8 31. Rfb1 b6 32. Bf4 Nc5 33. Ra1 Ne4
34. Qe5 Qxa1+ 35. Qxa1 Rxd2 36. Bxd2 Nxd2 37. Qxa7 Rg6 38. Rf5 Re6 39. Qa8+ Kd7
40. Rxf7+ Re7 41. Qd5+ Ke8 42. Rxe7+ Kxe7 43. Qxd2 g3 44. hxg3 h5 45. Qg5+ Kd7
46. Qd5+ Kc8 47. f4 h4 48. Qe6+ Kb7 49. f5 hxg3 50. f6 b5 51. cxb5 Ka7 52. Qa6+
Kb8 53. f7 c5 54. f8=Q+ Kc7 55. Qfc8# {QueenMaxima checkmated} 1-0